World handbook of educational organisation and statistics / (Record no. 4304)

000 -LEADER
fixed length control field 00378nam a22001457a 4500
008 - FIXED-LENGTH DATA ELEMENTS--GENERAL INFORMATION
fixed length control field 200730b ||||| |||| 00| 0 eng d
082 00 - DEWEY DECIMAL CLASSIFICATION NUMBER
Classification number 370
Item number U567
110 ## - MAIN ENTRY--CORPORATE NAME
9 (RLIN) 2084
Corporate name or jurisdiction name as entry element UNESCO
245 10 - TITLE STATEMENT
Title World handbook of educational organisation and statistics /
260 ## - PUBLICATION, DISTRIBUTION, ETC. (IMPRINT)
Place of publication, distribution, etc Paris :
Name of publisher, distributor, etc UNESCO,
Date of publication, distribution, etc 1952.
300 ## - PHYSICAL DESCRIPTION
Extent 469 p.
365 ## - TRADE PRICE
Unit of pricing 38.10
650 #0 - SUBJECT ADDED ENTRY--TOPICAL TERM
Topical term or geographic name as entry element Education
942 ## - ADDED ENTRY ELEMENTS (KOHA)
Item type Books
Holdings
Withdrawn status Lost status Source of classification or shelving scheme Damaged status Not for loan Permanent location Current location Date acquired Source of acquisition Full call number Barcode Date last seen Koha item type
          IMU Kolkata IMU Kolkata 1954-03-26 A. H. Wheeler 370 U567 02098 2020-07-30 Books
Designed and Maintained by IMU-KC Library, Kolkata Campus © Copyright All Rights Reserved

webs counters

Powered by Koha